| 000 | 00844nas a22002177a 4500 | ||
|---|---|---|---|
| 999 |
_c7135 _d7135 |
||
| 003 | OSt | ||
| 005 | 20231121120538.0 | ||
| 008 | 180502m20139999sp a| pss|||| 000 |spa|d | ||
| 040 |
_aES-BaCBU _bcat _cCDMR |
||
| 245 | 0 | 0 |
_aInforme sobre el estado de la cultura en España ... _h[Recurs electrònic] |
| 260 |
_aMadrid : _bFundación Alternativas, _c2013- |
||
| 300 | _aRecurs electrònic | ||
| 490 | 1 | _aInformes | |
| 500 | _aCada informe porta un títol monogràfic | ||
| 500 | _aDescripció del recurs: el 13 de juliol de 2016 | ||
| 650 | 0 | 4 |
_aCultura espanyola _xHistòria _yS. XXI |
| 650 | 4 |
_aIndústries culturals _zEspanya _94171 |
|
| 710 | 2 |
_aFundación Alternativas _bObservatorio Cultura y Comunicación _93248 |
|
| 856 | 4 | 0 |
_zAccés en línia _uhttps://fundacionalternativas.org/publicaciones/?categories=7&tipos=Informe |
| 942 |
_cSER-E _2udc |
||